Niektoré možnosti kvantifikácie informačného prostredia SR

Salvato in:
Dettagli Bibliografici
Autore principale: Grell, Michal
Natura: Capitolo di libro
Lingua:slovacco
Tags: Aggiungi Tag
Nessun Tag, puoi essere il primo ad aggiungerne!!

MARC

LEADER 00000naa$a2200000$$$4500
001 0116500
005 20240502072311.1
041 0 |a slo 
044 |a SK 
245 1 0 |a Niektoré možnosti kvantifikácie informačného prostredia SR  |c Michal Grell 
100 1 |a Grell, Michal